[Event "Rutas de Cuenca op 6th"]
[Site "Cuenca"]
[Date "2019.07.20"]
[Round "3"]
[White "Garcia Galeote, Lorenzo"]
[Black "Rubio Popoteur, Samuel"]
[Result "1-0"]
[WhiteElo "1809"]
[BlackElo "1371"]
[PlyCount "69"]
[EventDate "2019.07.19"]
[EventType "swiss"]
[EventRounds "7"]
[EventCountry "ESP"]
[SourceTitle "CBM 195 Extra"]
[Source "ChessBase"]
[SourceDate "2020.05.31"]
[SourceVersion "1"]
[SourceVersionDate "2020.05.31"]
[SourceQuality "1"]

1. d4 d5 2. Nf3 e6 3. e3 Nf6 4. Bd3 c5 5. c3 Nc6 6. 0-0 Bd6 7. Nbd2 0-0 8. dxc5 Bxc5 9. e4 e5 10. h3 h6 11. Qe2 d4 12. Nb3 Bb6 13. Bb5 Qd6 14. Rd1 Rd8 15. Bxc6 bxc6 16. cxd4 Bxd4 17. Nbxd4 c5 18. Bf4 cxd4 19. Rxd4 Qxd4 20. Nxd4 exd4 21. Rd1 Rd7 22. Be5 d3 23. Qe3 Ba6 24. Bxf6 gxf6 25. Qxh6 Rad8 26. Qxf6 Rd6 27. Qg5+ Kh7 28. Rd2 Rc8 29. Qf4 Rdc6 30. Qxf7+ Kh8 31. Qh5+ Kg7 32. Qg5+ Rg6 33. Qe7+ Kh6 34. Qxa7 Rcg8 35. g4 1-0